| 000 | 00806 a2200241 4500 | ||
|---|---|---|---|
| 005 | 20090722114025.0 | ||
| 008 | 080827t xxu||||| |||| 00| 0 eng d | ||
| 010 | _aENG-85718 | ||
| 020 |
_a8180545431 _c285.00 |
||
| 035 | _aEN-69251 | ||
| 037 | _bD.B.Act / Pub | ||
| 082 | _a658.3 | ||
| 100 | _aGupta, C. B. | ||
| 245 |
_aHuman resource management _cby C. B. Gupta |
||
| 250 | _a8th rev. ed | ||
| 260 |
_aNew Delhi _bSultan Chand _c2006 |
||
| 270 |
_a23, Darya Ganj, _bNew Delhi _cDelhi _e110002 _k23266105 _l23266357 |
||
| 300 |
_avarious pagings _c25 cm (Pbk) |
||
| 500 | _aIncludes bibliographical references and index | ||
| 650 | _aHuman resource management | ||
| 942 |
_adpl _cEN _k658.3 / GUP _2ddc |
||
| 999 |
_c3340 _d3340 |
||